La peor señora del mundo / (Registro nro. 8192)
[ vista simple ]
| 000 -CABECERA | |
|---|---|
| Longitud fija campo de control | 00837nam a2200253 a 4500 |
| 003 - • IDENTIFICADOR DELl NÚMERO DE CONTROL | |
| Identificador del número de control | CO-ViMGA |
| 008 - • CÓDIGOS DE INFORMACIÓN DE LONGITUD FIJA | |
| Códigos de información de longitud fija | 141112s2004 ck r 000 u spa d |
| 020 ## - • NÚMERO INTERNACIONAL NORMALIZADO PARA LIBROS | |
| Número Internacional Normalizado para Libros (ISBN) | 9789681647056 |
| 040 ## - FUENTE DE LA CATALOGACIÓN | |
| Centro catalogador de origen | CO-ViMGA |
| Lengua de catalogación | spa |
| Centro transcriptor | CO-ViMGA |
| 100 1# - • PUNTO DE ACCESO PRINCIPAL-NOMBRE DE PERSONA | |
| Nombre de persona | Hinojosa, Francisco |
| 245 10 - • TITULO PROPIAMENTE DICHO | |
| Título | La peor señora del mundo / |
| Mención de responsabilidad, etc. | Francisco Hinojosa ; ilustraciones de Rafael Barajas, "El Fisgón" |
| 250 ## - • MENCIÓN DE EDICIÓN | |
| Mención de edición | 2 |
| 300 ## - • DESCRIPCIÓN FÍSICA | |
| Extensión | 44 p / 19 cm |
| 490 ## - • MENCIÓN DE SERIE | |
| Mención de serie | A la orilla del viento. Para los que están aprendiendo a leer ; 30 |
| 500 ## - • NOTA GENERAL | |
| Nota general | Catalogación en la fuente |
| 650 14 - • PUNTO DE ACCESO ADICIONAL DE MATERIA - TÉRMINO DE MATERIA | |
| Término de materia o nombre geográfico como elemento inicial | CUENTOS INFANTILES MEXICANOS |
| 650 14 - • PUNTO DE ACCESO ADICIONAL DE MATERIA - TÉRMINO DE MATERIA | |
| Término de materia o nombre geográfico como elemento inicial | LIBROS ILUSTRADOS PARA NIÑOS |
| 650 14 - • PUNTO DE ACCESO ADICIONAL DE MATERIA - TÉRMINO DE MATERIA | |
| Término de materia o nombre geográfico como elemento inicial | SEÑORAS - - CUENTOS INFANTILES |
| 700 1# - • PUNTO DE ACCESO ADICIONAL - NOMBRE DE PERSONA | |
| Nombre de persona | Barajas, Rafael, il. |
| 942 ## - ENTRADA DE ELEMENTOS AGREGADOS (KOHA) | |
| Fuente de clasificaión o esquema | Dewey Decimal Classification |
| Koha [por defecto] tipo de item | LIbro |
| Perdido | Fuente de clasificación o esquema | Estado Físico | No para préstamo | Forma de adquisición | Localización permanente | Localización actual | Fecha adquisición | Serie de enumeración / cronolog&íacute;a | Préstamos totales | Signatura completa | Código de barras | Fecha última consulta | Fecha último préstamo | Número de copia | Fecha del precio de reemplazo | Tipo de item de Koha | Localización en estanterías | Note pública |
|---|---|---|---|---|---|---|---|---|---|---|---|---|---|---|---|---|---|---|
| Dewey Decimal Classification | Sala General | Biblioteca Barrio Emporio - Villavicencio | Biblioteca Barrio Emporio - Villavicencio | 12/04/2015 | 27/ene/2015 | 1 | C HIN1 | ICM00070 | 06/10/2019 | 06/10/2019 | Ej. 1 | 12/04/2015 | LIbro | |||||
| Colección Sala Infantil de Literatura Pocatil y Tilín | Biblioteca Pública Departamental Eduardo Carranza - Villavicencio | Biblioteca Pública Departamental Eduardo Carranza - Villavicencio | 08/03/2004 | C HIN1 | ECA15580 | 11/26/2024 | Ej.1 | 11/26/2024 | LIbro | Sala Infantil | 185 | 210 | |||||||
| Dewey Decimal Classification | Infantil | Biblioteca Pública La Macarena | Biblioteca Pública La Macarena | 06/05/2025 | C HN1 | LM02078 | 06/05/2025 | Ej.1 | 06/05/2025 | LIbro | Sala Infantil | |||||||
| Dewey Decimal Classification | Infantil | Biblioteca Pública San Juanito - Ernesto Maria Peña Romero | Biblioteca Pública San Juanito - Ernesto Maria Peña Romero | 02/12/2024 | C HIN1 | SJU00572 | 02/12/2024 | Ej.1 | 02/12/2024 | LIbro | Sala Infantil | |||||||
| Dewey Decimal Classification | Sala General | Estacion de Lectura Apiay - Villavicencio | Estacion de Lectura Apiay - Villavicencio | 12/04/2015 | 12/feb/2015 | C HIN1 | 28208 | 12/04/2015 | Ej. 2 | 12/04/2015 | LIbro |